|
|
|
|
| LEADER |
00000nam0a2200000 4500 |
| 001 |
351675 |
| 005 |
20231102010428.0 |
| 035 |
|
|
|a (RuTPU)RU\TPU\retro\6882
|
| 090 |
|
|
|a 351675
|
| 100 |
|
|
|a 20190702d1947 k y0rusy50 ca
|
| 101 |
1 |
|
|a rus
|
| 102 |
|
|
|a RU
|
| 105 |
|
|
|a a z 001zy
|
| 200 |
1 |
|
|a Переработка нефти. Термические и каталитические процессы производства моторных топлив
|e перевод
|f А. Н. Саханен
|g пер. Г. М. Цигуро
|
| 210 |
|
|
|a Москва
|a Ленинград
|c Гостоптехиздат
|d 1947
|
| 215 |
|
|
|a 428 с.
|c ил.
|
| 320 |
|
|
|a Библиография в конце глав
|
| 320 |
|
|
|a Авторский указатель: с. 411-416
|
| 320 |
|
|
|a Предметный указатель: с. 417-424
|
| 606 |
1 |
|
|a Нефтепереработка
|2 stltpush
|3 (RuTPU)RU\TPU\subj\72833
|9 86220
|
| 606 |
1 |
|
|a Моторное топливо
|x Производство
|2 stltpush
|3 (RuTPU)RU\TPU\subj\34332
|9 56305
|
| 610 |
1 |
|
|a углеводороды
|
| 610 |
1 |
|
|a термические реакции
|
| 610 |
1 |
|
|a каталитические реакции
|
| 610 |
1 |
|
|a крекинг
|
| 610 |
1 |
|
|a гидрогенизация
|
| 610 |
1 |
|
|a аппаратура
|
| 610 |
1 |
|
|a бензины
|
| 610 |
1 |
|
|a очистка
|
| 610 |
1 |
|
|a побочные продукты
|
| 675 |
|
|
|a 665.63
|v 4
|
| 675 |
|
|
|a 665.75
|v 4
|
| 700 |
|
1 |
|a Саханен
|b А. Н.
|g Александр Николаевич
|
| 702 |
|
1 |
|a Цигуро
|b Г. М.
|4 730
|
| 801 |
|
1 |
|a RU
|b 63413507
|c 20190702
|
| 801 |
|
2 |
|a RU
|b 63413507
|c 20200312
|g RCR
|
| 942 |
|
|
|c BK
|